Las profesoras universitarias : el caso de una élite discriminada /

Detalles Bibliográficos
Autor principal: García de León, María Antonia
Formato: Libro
Lenguaje:inglés

MARC

LEADER 00000cam a2200000 a 4500
001 040108
003 UAHC_CL
005 20170803124423.0
008 060714b xx j 000 1 eng
040 |a UAHC_CL  |c UAHC_CL  |d UAHC_CL 
100 1 |a García de León, María Antonia 
245 1 4 |a Las profesoras universitarias :  |b el caso de una élite discriminada /  |c María Antonia García De León. 
500 |a Revista Complutense de Educación. --Vol. 1, Nº3 (1990) pp. 355-372. 
900 |a REV. COMPLUT. EDUC.-03/90 
942 |c BK 
999 |c 40108  |d 40108